Introduction to bioinformatics / (Record no. 612314)

000 -LEADER
fixed length control field 00998cam a2200289 a 4500
001 - CONTROL NUMBER
control field 15331166
003 - CONTROL NUMBER IDENTIFIER
control field NUST
005 - DATE AND TIME OF LATEST TRANSACTION
control field 20241114161459.0
008 - FIXED-LENGTH DATA ELEMENTS--GENERAL INFORMATION
fixed length control field 080616s2008 enka b 001 0 eng
010 ## - LIBRARY OF CONGRESS CONTROL NUMBER
LC control number 2008274232
020 ## - INTERNATIONAL STANDARD BOOK NUMBER
International Standard Book Number 9780198724674 (pbk. : alk. paper)
040 ## - CATALOGING SOURCE
Original cataloging agency DLC
Transcribing agency DLC
Modifying agency DLC
050 00 - LIBRARY OF CONGRESS CALL NUMBER
Classification number QH507
Item number .L47 2008
082 00 - DEWEY DECIMAL CLASSIFICATION NUMBER
Classification number 572.80285
Edition number 22
100 1# - MAIN ENTRY--PERSONAL NAME
Personal name Lesk, Arthur M.
9 (RLIN) 126945
245 10 - TITLE STATEMENT
Title Introduction to bioinformatics /
Statement of responsibility, etc. Arthur M. Lesk.
246 30 - VARYING FORM OF TITLE
Title proper/short title Bioinformatics
250 ## - EDITION STATEMENT
Edition statement 4th ed.
260 ## - PUBLICATION, DISTRIBUTION, ETC.
Place of publication, distribution, etc. Oxford ;
-- New York :
Name of publisher, distributor, etc. Oxford University Press,
Date of publication, distribution, etc. 2014.
300 ## - PHYSICAL DESCRIPTION
Extent xxii, 347 p. :
Other physical details ill. (some col.) ;
Dimensions 25 cm.
504 ## - BIBLIOGRAPHY, ETC. NOTE
Bibliography, etc. note Includes bibliographical references and index.
650 #0 - SUBJECT ADDED ENTRY--TOPICAL TERM
Topical term or geographic name entry element Bioinformatics.
9 (RLIN) 13954
700 ## - ADDED ENTRY--PERSONAL NAME
Relator code Catalouge by Rani shaista Kanwal
906 ## - LOCAL DATA ELEMENT F, LDF (RLIN)
a 7
b cbc
c origcop
d 3
e ncip
f 20
g y-gencatlg
942 ## - ADDED ENTRY ELEMENTS (KOHA)
Source of classification or shelving scheme
Koha item type Book
Holdings
Withdrawn status Lost status Source of classification or shelving scheme Damaged status Not for loan Permanent Location Current Location Shelving location Date acquired Total Checkouts Full call number Barcode Date last seen Price effective from Koha item type
          Atta-ur-Rahman School of Applied Biosciences (ASAB) Atta-ur-Rahman School of Applied Biosciences (ASAB) Book Cart 11/14/2024   572.80285 LES 2014 3465 ASAB3465 11/14/2024 11/14/2024 Book
© 2023 Central Library, National University of Sciences and Technology. All Rights Reserved.